000 00657nam a2200253Ia 4500
003 OSt
005 20221007074420.0
006 a|||||r|||| 00| 0
007 ta
008 221006b |||||||| |||| 00| 0 eng d
024 _a33,864
037 _cTextual
040 _aFLL
_cFLL
_beng
041 _2eng
_aeng
082 _aZ2,4, Q0
100 _aRatanlal
245 0 _aLaw of torts (Rev. by Singh GP)
250 _a26th
260 _aNagpur
_bLexisNexis Butterworths Wadhwa India
_c2010
300 _aclxxix,963p
_ccm.
700 _a Dhiraj Lal
942 _hZ2,4, Q0
_cTEXL
_2CC
999 _c1152285
_d1152285